| 000 | 00620nam a22001577a 4500 | ||
|---|---|---|---|
| 003 | OSt | ||
| 005 | 20151201102236.0 | ||
| 008 | 151201b xxu||||| |||| 00| 0 eng d | ||
| 040 | _cRUA | ||
| 082 | _aFIS OR 2000 B172 Or.1 | ||
| 100 |
_94058 _aOR, NAVY. |
||
| 245 | _asurvey of small scale aquaculture in kompong speu province (ការស្រង់ព៏តមាននៃការចិញ្ចឹមត្រីទ្រង់ទ្រាយតូចរបស់កសិករនៅខេត្តកំពង់ស្ពឺ) | ||
| 260 |
_aPhnom Penh _bRUA _c2000 |
||
| 300 |
_a43p. _bill. _c29cm. |
||
| 942 |
_2ddc _cFIS |
||
| 999 |
_c3777 _d3777 |
||